AH International Schools' Libraries

(Khmer) Writting essay: (Record no. 49931)

MARC details
000 -LEADER
fixed length control field 00217nam a2200097 4500
020 ## - INTERNATIONAL STANDARD BOOK NUMBER
International Standard Book Number 0682
245 ## - TITLE STATEMENT
Title (Khmer) Writting essay:
Remainder of title grade 9 /
Statement of responsibility, etc Chin Seiha.
260 ## - PUBLICATION, DISTRIBUTION, ETC. (IMPRINT)
Place of publication, distribution, etc Cambodia:
300 ## - PHYSICAL DESCRIPTION
Extent 140 p.
942 ## - ADDED ENTRY ELEMENTS (KOHA)
Source of classification or shelving scheme
Koha item type Book
Holdings
Withdrawn status Lost status Source of classification or shelving scheme Damaged status Not for loan Collection code Home library Current library Date acquired Total Checkouts Full call number Barcode Date last seen Price effective from Koha item type
          Siem Riep Asian Hope Siem Reap Asian Hope Siem Reap 12/10/2025   KHMER 895.324 CHI 209688 12/10/2025 12/10/2025 Book

For any Logos Library related questions please contact Miss Art at swongnarasuk@asianhope.org.

For any Asian Hope Library related questions please contact Miss Raza at graza@asianhope.org.

Powered by Koha